00502nam a22001577a 450000500170000000800410001702000180005804000100007608200220008610000210010824500410012926000770017030000290024750000290027665000390030520250817145125.0250817b |||||||| |||| 00| 0 eng d a9788174364074 cVITAP 223rd Ed.a923 KUR aKurien, Verghese aI Too Had a Dreamc/ Verghese Kurien aNew DelhibThe Lotus Collection An Imprint of Roli Books Pvt. Ltd.c2022 aXIV, 249p. : ill. ; 22cm aIt includes Index Pages. 0aBiographies of notable individuals